000 00589nam a22001097a 4500
040 _cRUA
082 _aAGR BON B541 2015 Or.1
100 _aBON SOR; ប៊ន​ស
245 _aEffect of compose tea on bok choy at crop station of Royal university of Agriculture; ប្រសិទ្ធភាពនៃជីតែកំប៉ុស្តិ៍លើដំណាំស្ពៃតឿនៅស្ថានីយ៍ពិសោធន៍ដំណាំនៃសាកលវិទ្យាល័យភូមិន្ទកសិកម្ម
260 _aPhnom Penh
_bRUA
_c2015
942 _cAGR
999 _c10961
_d10961